000 00474nam a22001937a 4500
005 20260402144519.0
008 260123b |||||||| |||| 00| 0 eng d
020 _a9788120417939
_c695.00
040 _aMAIN
041 _aEnglish
082 _a571.5388
_bRAZ
100 _aRazdan, M. K.
_97470
245 _aIntroduction to Plant Tissue Culture
250 _a3rd
260 _aNew Delhi
_bCBS
_c2026
300 _a400
650 _aEnvironmental Science
942 _cBK
999 _c60079
_d60079